00620nam a2200169 i 450000100060000000300090000600500170001500700030003200800410003504000200007610000310009624501440012726000600027130000210033150000740035285200240042668674ES-MaACL20230906170331.0t|960827s1881 sp ||||1| spa d aCAM bspa cCAM1 aGesta y Leceta, Marcelino.10aDiscurso leido para su presentación en la Sociedad Económica Matritense el día 5 de febrero de 1881 / cpor Marcelino Gesta y Leceta. aMadrid : b[s.n.], c1881 (fImpr. García y Caravera) a14 p. ; c23 cm. aTema: La educación de la infancia en sus relaciones con la higiene. aES-MaACLjT-355-F-3